Statistics for Prime Ministers of Pakistan

Click here to take the quiz!

General Stats

  • This quiz has been taken 144 times
    (78 since last reset)
  • The average score is 5 of 28

Answer Stats

HintAnswer% Correct
1947Liaquat Ali Khan
90%
2017Shahid Khaqan Abbasi
34%
1973Zulfikar Ali Bhutto
32%
1988Benazir Bhutto
29%
2013Mian Muhammad Nawaz Sharif
27%
1993Benazir Bhutto
22%
1997Mian Muhammad Nawaz Sharif
22%
1951Sir Khawaja Nazimuddin
22%
1953Muhammad Ali Bogra
17%
2008Yousaf Raza Gillani
17%
1990Mian Muhammad Nawaz Sharif
15%
1985Muhammad Khan Junejo
15%
2012Raja Pervaiz Ashraf
15%
1955Chaudhry Muhammad Ali
12%
1956Huseyn Shaheed Suhrawardy
12%
1957Ibrahim Ismail Chundrigar
12%
1993Mian Muhammad Nawaz Sharif
12%
1971Nurul Amin
10%
2004Shaukat Aziz
10%
1957Sir Feroz Khan Noon
7%
2002Zafarullah Khan Jamali
7%
1993Balakh Sher Mazari
5%
2004Chaudhry Shujaat Hussain
2%
1990Ghulam Mustafa Jatoi
2%
1996Malik Meraj Khalid
2%
2013Mir Hazar Khan Khoso
2%
1993Moeenuddin Ahmad Qureshi
2%
2007Muhammad Mian Soomro
2%

Score Distribution

Percentile by Number Answered

Percent of People with Each Score

Your Score History

You have not taken this quiz since the last reset